| 000 | 00350 a2200109 4500 | ||
|---|---|---|---|
| 001 | ART_47631 | ||
| 005 | 20260410161757.0 | ||
| 008 | 260409a | ||
| 245 | 1 | 0 | _aImpuesto a los débitos y créditos bancarios. Nuevo pago a cuenta |
| 100 | 1 | _aGarcía, Roberto Martín | |
| 773 | 0 |
_tDoctrina tributaria _g- N°463 (oct. 2018) _wREV4296 |
|
| 999 |
_c20188 _d20188 |
||